000 00727cam a22002411 4500
001 med47001889
003 DLC
005 20260227111604.0
008 771123s1928 xx 000 0 eng
010 _amed47001889
035 _a(OCoLC)3440927
040 _aDLC
_cODaTS
_dDLC
042 _apremarc
050 0 0 _aRZ401
_b.F6 1947
082 _a131.324
100 1 _aFillmore, Charles,
_d1854-1948.
245 1 0 _aChristian healing;
_bthe science of being,
_cby Charles Fillmore.
260 _aKansas City, Mo.,
_bUnity school of Christianity,
_c1947.
300 _a156, [1], vii p.
_c17 cm.
500 _a"First appeared in 1909."
650 0 _aMental healing.
710 2 _aUnity school of Christianity, Kansas City, Mo.
999 _c38451
_d38451